| 000 | 00581nam a22002177a 4500 | ||
|---|---|---|---|
| 003 | OSt | ||
| 005 | 20160516181213.0 | ||
| 008 | 160516b xxu||||| |||| 00| 0 eng d | ||
| 020 | _a81-7141-472-9 | ||
| 040 | _cLIC | ||
| 082 |
_22006 _aDC 796.44 _bD85g |
||
| 100 |
_98297 _aDubey, H.C. |
||
| 245 |
_aGymnastics/ _cH.C.Dubey. |
||
| 260 |
_aNew Delhi, India: _bDiscovery Publishing House, _cc2006. |
||
| 300 |
_avi, 220 pages; _c21 cm. |
||
| 365 |
_b399.00 _cPhp |
||
| 440 |
_98298 _aDPH Sports Series |
||
| 500 | _aIncludes index. | ||
| 650 | 0 |
_98306 _aGymnastics |
|
| 942 |
_2ddc _cDC |
||
| 999 |
_c2511 _d2511 |
||